000
00309nam a22001337a 4500
008
190305b xxu||||| |||| 00| 0 eng d
020
_a
9780155025608
041
_a
eng
080
_2
6th
_a
159.9
100
_a
49
101
_a
PSI
245
_a
A History of Modern Psychology
_c
Schultz.D.P
942
_2
udc
_c
BK
999
_c
54490
_d
54490